Commercial cockle farming in Southern Thailand
Shranjeno v:
| Glavni avtor: | |
|---|---|
| Format: | Knjiga |
| Jezik: | Undetermined |
| Izdano: |
Philippines
International center for living aquatic resources management
1985
|
| Teme: | |
| Oznake: |
Označite
Brez oznak, prvi označite!
|
| Thư viện lưu trữ: | Trung tâm Học liệu Trường Đại học Cần Thơ |
|---|
| LEADER | 00553nam a2200181Ia 4500 | ||
|---|---|---|---|
| 001 | CTU_149898 | ||
| 008 | 210402s9999 xx 000 0 und d | ||
| 082 | |a 338.371 | ||
| 082 | |b T669 | ||
| 100 | |a Tookwinas, Siri | ||
| 245 | 0 | |a Commercial cockle farming in Southern Thailand | |
| 245 | 0 | |c Siri Tookwinas | |
| 260 | |a Philippines | ||
| 260 | |b International center for living aquatic resources management | ||
| 260 | |c 1985 | ||
| 650 | |a Cockle fisheries,Farm management | ||
| 904 | |i Năm | ||
| 980 | |a Trung tâm Học liệu Trường Đại học Cần Thơ | ||